<?xml version="1.0" encoding="UTF-8"?>
<record
    xmlns:xsi="http://www.w3.org/2001/XMLSchema-instance"
    xsi:schemaLocation="http://www.loc.gov/MARC21/slim http://www.loc.gov/standards/marcxml/schema/MARC21slim.xsd"
    xmlns="http://www.loc.gov/MARC21/slim">

  <leader>01126nam a2200241 i 4500</leader>
  <controlfield tag="001">125934</controlfield>
  <controlfield tag="003">ES-MaACL</controlfield>
  <controlfield tag="005">20230906192726.0</controlfield>
  <controlfield tag="007">t|</controlfield>
  <controlfield tag="008">070214m19061907fr      r    ||||1| fre d</controlfield>
  <datafield tag="245" ind1="0" ind2="4">
    <subfield code="a">Les r&#xE8;glements des Assembl&#xE9;es l&#xE9;gislatives / </subfield>
    <subfield code="c">&#xE9;dition et traduction par F&#xE9;lix Moreau et Joseph Delpech ; avec une pr&#xE9;face de Charles Benoist.</subfield>
  </datafield>
  <datafield tag="260" ind1=" " ind2=" ">
    <subfield code="a">Paris : </subfield>
    <subfield code="b">V. Giard &amp; E. Bri&#xE8;re, </subfield>
    <subfield code="c">1906-1907.</subfield>
  </datafield>
  <datafield tag="300" ind1=" " ind2=" ">
    <subfield code="a">2 v. ; </subfield>
    <subfield code="c">22 x 14 cm.</subfield>
  </datafield>
  <datafield tag="490" ind1="1" ind2=" ">
    <subfield code="a">Biblioth&#xE8;que internationale de droit public</subfield>
  </datafield>
  <datafield tag="505" ind1="8" ind2=" ">
    <subfield code="a">Contiene: t. I: Allemagne (empire, Prusse), Angleterre, Autriche-Hongrie (d&#xE9;l&#xE9;gations, parlements autrichien et hongrois), Belgique ---- t. II: Espagne, Etats-Unis, France, Gr&#xE8;ce, Italie, Norv&#xE8;ge, Pays-Bas, Su&#xE8;de, Suisse (conf&#xE9;d&#xE9;ration, cantons--Berne, Fribourg, Unterwald-le-Haut)</subfield>
  </datafield>
  <datafield tag="650" ind1=" " ind2="4">
    <subfield code="a">Parlamentos-</subfield>
    <subfield code="z">Europa.</subfield>
    <subfield code="9">155868</subfield>
  </datafield>
  <datafield tag="700" ind1="1" ind2=" ">
    <subfield code="a">Moreau, F&#xE9;lix.</subfield>
    <subfield code="9">83206</subfield>
  </datafield>
  <datafield tag="700" ind1="1" ind2=" ">
    <subfield code="a">Delpech, Joseph.</subfield>
    <subfield code="9">43581</subfield>
  </datafield>
  <datafield tag="700" ind1="1" ind2=" ">
    <subfield code="a">Benoist, Charles.</subfield>
    <subfield code="9">27745</subfield>
  </datafield>
  <datafield tag="830" ind1="0" ind2=" ">
    <subfield code="a">Biblioth&#xE8;que internationale de droit public</subfield>
    <subfield code="9">180878</subfield>
  </datafield>
  <datafield tag="852" ind1=" " ind2=" ">
    <subfield code="a">ES-MaACL</subfield>
    <subfield code="j">F-3112-13</subfield>
  </datafield>
  <datafield tag="999" ind1=" " ind2=" ">
    <subfield code="c">125934</subfield>
    <subfield code="d">125934</subfield>
  </datafield>
  <datafield tag="952" ind1=" " ind2=" ">
    <subfield code="0">0</subfield>
    <subfield code="1">0</subfield>
    <subfield code="4">0</subfield>
    <subfield code="7">0</subfield>
    <subfield code="a">ATENEOM</subfield>
    <subfield code="b">ATENEOM</subfield>
    <subfield code="c">DEPO2</subfield>
    <subfield code="d">2008-01-17</subfield>
    <subfield code="e">SC</subfield>
    <subfield code="l">0</subfield>
    <subfield code="o">F-3112-13</subfield>
    <subfield code="p">1131181</subfield>
    <subfield code="r">2023-02-23 00:00:00</subfield>
    <subfield code="w">2023-02-23</subfield>
    <subfield code="y">MONOGRAFIA</subfield>
  </datafield>
</record>
